Acids and bases ; a collection of papers /

Bibliographic Details
Other Authors: Hall, Norris F. (Norris Folger), 1891-1962, Briscoe, Herman T., 1893-1960, Hammett, Louis P. (Louis Plack), 1894-1987
Format: Book
Language:English
Published: [Easton, Pa.] : The Journal of chemical education, [1941]
Series:Contributions to chemical education. No. 1
Subjects:

MARC

Tag First Indicator Second Indicator Subfields
LEADER 00000cam a2200000 4500
001 in00000049378
005 20151007071705.0
008 750818s1941 pau b 10000 eng
010 |a  42016362  
035 |a (OCoLC)01556342 
035 |9 AAE6451AM 
040 |a DLC  |c MUB  |d TXA  |d UtOrBLW 
049 |a TXAM  |c [105218] 
050 0 |a QD39  |b .A25 
092 |a 540.4  |b A181 
245 0 0 |a Acids and bases ;  |b a collection of papers /  |c by Norris F. Hall [and others]. 
264 1 |a [Easton, Pa.] :  |b The Journal of chemical education,  |c [1941] 
300 |a vii, 103 pages including illustrations, tables, diagrams ;  |c 21 cm. 
336 |a text  |b txt  |2 rdacontent 
337 |a unmediated  |b n  |2 rdamedia 
338 |a volume  |b nc  |2 rdacarrier 
490 0 |a Contributions to chemical education. No. 1 
504 |a Includes bibliographies. 
650 0 |a Chemistry. 
650 0 |a Acids. 
650 0 |a Acids  |x Basicity. 
700 1 |a Hall, Norris F.  |q (Norris Folger),  |d 1891-1962. 
700 1 |a Briscoe, Herman T.,  |d 1893-1960. 
700 1 |a Hammett, Louis P.  |q (Louis Plack),  |d 1894-1987. 
999 |a MARS 
999 f f |s 0cd77afe-3838-37fb-b7e4-5e2fd194efa0  |i 73088284-a27c-3dfb-bffd-72b45aae5545  |t 0 
952 f f |p ric  |a Texas A&M University  |b Rellis Campus  |c Joint Library Facility  |d Remote Storage  |t 0  |e QD39 .A25  |h Library of Congress classification  |i unmediated -- volume  |m A14800932547 
998 f f |a QD39 .A25  |t 0  |l Remote Storage